| 000 | 00528nam a22001697a 4500 | ||
|---|---|---|---|
| 005 | 20250228075726.0 | ||
| 008 | 250228b |||||||| |||| 00| 0 eng d | ||
| 040 |
_aKMU _cKMU _dKMU |
||
| 100 | _aMulenga, Susan | ||
| 245 |
_aEffects of Grafting on the growth and yield of pepper (Capsicum Annuum L.) grown in open field conditions/ _cMulenga, Susan |
||
| 260 |
_aChinsali; _bKMU, _c2020. |
||
| 300 |
_aiv, 19p.: _bill.; _c29 cm. |
||
| 650 | _aAgroforestry. | ||
| 650 | _aGrafting. | ||
| 650 | _aCapsicum Annuum L. | ||
| 942 |
_cPR _n0 |
||
| 999 |
_c1680 _d1680 |
||